| 000 | 00581nam a2200205 a 4500 | ||
|---|---|---|---|
| 001 | 15362 | ||
| 003 | CO-ViMGA | ||
| 008 | 141112s2004 ck r 000 u spa d | ||
| 040 |
_aCO-ViMGA _bspa _cCO-ViMGA |
||
| 082 | 0 | 4 | _a338.986 P847c |
| 100 | 1 |
_aBuitrago Restrepo, Claudia Maria _922318 |
|
| 245 | 1 | 0 | _aSe vende un país |
| 260 |
_aBogotá, _cIsmac, _c1992 |
||
| 300 | _a69.p. | ||
| 490 | _aCarpeta tecnica | ||
| 590 |
_aForma de adquisición : Donación - - Precio : _10.000 |
||
| 650 | 1 | 4 |
_aAPERTURA ECONÓMICA - COLOMBIA _922319 |
| 650 | 1 | 4 | _aPRIVATIZACION |
| 942 |
_2ddc _cBK |
||
| 999 |
_c25699 _d25699 |
||